| 000 | 00373nam a2200157Ia 4500 | ||
|---|---|---|---|
| 008 | 230312s9999||||xx |||||||||||||| ||und|| | ||
| 020 | _a0 335 21284 0 | ||
| 082 |
_a300.723 _bMUR-H |
||
| 100 | _aMurray Rowena | ||
| 245 | 0 | _aHow to Survive your Viva | |
| 260 |
_bOpen University Press _aUSA _c2003 |
||
| 300 | _a156 | ||
| 546 | _aEng. | ||
| 650 | _aEconomics | ||
| 942 | _cBK | ||
| 999 |
_c2713 _d2713 |
||